000 01265nam a22002657a 4500
005 20170124103220.0
010 _aB-152107
020 _c00.00
_a8125916687
035 _aB-152107
037 _bCen Lib/Ret
040 _aDPL
_bHN
082 _a328.5405
_bभारत
110 _aभारत. संसदीय कार्य मंत्रालय
_9100804
245 _aभारत सरकार में संसदीय पुस्तिका की नियम पुस्तिका /
246 _aBharat sarkar me sansadiya pustika ki niyal pustika /
250 _a3rd ed
260 _a नयी दिल्ली
_bविकास पब्लिशिंग हाउस
_c2005
270 _b नयी दिल्ली
_a576, मस्जिद रोड, जंगपुरा
_e110014
300 _a181पृ.
_c22सेमी (सजिल्द)
650 _aइंडिया। - संसद - नियम और अभ्यास
_9100805
650 _aसंसदीय अभ्यास - भारत
_9112844
650 _aIndia. -- Parliament -- Rules and practice
_9100807
650 _aParliamentary practice -- India
_9100808
942 _2ddc
_cHN
_h328.5405
_mभारत
999 _c121770
_d121770